| 000 | 00700nam a2200229 a 4500 | ||
|---|---|---|---|
| 005 | 20240314063643.0 | ||
| 008 | 120425s2004 ve r 000 0 spa d | ||
| 020 | _a9802572179 | ||
| 035 | _aUPN01000184229 | ||
| 049 | _aI | ||
| 050 | 4 |
_aPZ8 _bP5.6 2004 |
|
| 100 | 1 |
_aPilkey, Dav, _d1966- _932265 |
|
| 245 | 1 | 3 |
_aLa Navidad de Dragón / _cDav Pilkey ; tr. Verónica Uribe. |
| 250 | _a2a ed. | ||
| 260 |
_aCaracas : _bEkaré, _c2004. |
||
| 300 |
_a47 p. : _bil. col. |
||
| 440 | 4 | _aMis primeras lecturas | |
| 534 |
_pTítulo original : _tDragon's merry christmas |
||
| 650 | 4 |
_aCuentos infantiles estadounidenses _910762 |
|
| 650 | 2 |
_aDragones _vLiteratura infantil _911808 |
|
| 905 | _aInfantil | ||
| 999 |
_c156332 _d156332 |
||